Allpanchis Phuturinqa : (Record no. 21820)

000 -CABECERA
fixed length control field 01978nam a22003017a 4500
003 - IDENTIFICADOR DEL NÚMERO DE CONTROL
control field AR-CdUCM
008 - DATOS DE LONGITUD FIJA--INFORMACIÓN GENERAL
fixed length control field 190425b ||||| |||| 00| 0 spa d
040 ## - FUENTE DE LA CATALOGACIÓN
Agencia/entidad que catalogó originalmente la obra MUNICIPALIDAD PROVINCIAL DEL CUSCO
Entidad que transcribió la catalogación BIBLIOTECA MUNICIPAL DEL CUSCO
082 ## - NÚMERO DE LA CLASIFICACIÓN DECIMAL DEWEY
No. de Clasificación Rev.Allp/N°23/1984
110 ## - ENTRADA PRINCIPAL--NOMBRE DE ENTIDAD CORPORATIVA
Nombre de la institución, jurisdicción como entrada principal Instituto de Pastoral Andina
9 (RLIN) 12766
245 ## - MENCIÓN DE TÍTULO
Título Allpanchis Phuturinqa :
Resto del título Revista Anual /
260 ## - PUBLICACIÓN, DISTRIBUCIÓN, ETC.
Lugar de publicación, distribución, etc. Cusco :
Nombre de la editorial, distribuidor, etc. Centro Bartolomé de Las Casas,
Fecha de publicación, distribución, etc. 1984.
300 ## - DESCRIPCIÓN FÍSICA
Nº de Páginas Extensión 184 páginas. :
Otros detalles físicos ilustraciones ;
Dimensiones 20 cm.
440 ## - MENCIÓN DE SERIE/PUNTO DE ACCESO ADICIONAL--TÍTULO
Título Revista del Instituto de Pastoral Andina Cusco
Número de la parte/sección de una obra Año XIV, 1984,N°23.Vol. XX.
9 (RLIN) 46245
505 ## - NOTA DE CONTENIDO CON FORMATO
Nota de contenido formateada Contenido: Esquema para un programa de desarrollo campesino en la sierra del Perú. Adolfo Figueroa. -- Propuesta de un programa de sustitución de trigo importado. Javier Tantalean. -- Notas sobre la modernización de la artesanía en América Latina. Mirko Lauer. -- Ciclos productivos y región en el Perú 1971-1981. Javier Iguiñiz E. -- Aspecto genético de la tecnología agrícola andina. Oscar Blanco Galdós. -- La explotación ganadera en las comunidades campesinas, Marco A. Sotomayor B. -- Economía campesina y espacios de control desde el estudio de las ferias de una región. Equipo CCaijo. -- Mito de Inkari Qollari cuatro narraciones. Thomas Müller. -- Moche mito rito y actualidad. Anne Marie Hocquenghem. -- Cosmovisión y celebraciones del mundo andino. Thomas y Gelga Muller. -- Procesos por supersticiones en la provincia de Cajamarca en la segunda mitad del siglo XVIII. José Dammert B.
650 ## - PUNTO DE ACCESO ADICIONAL DE MATERIA--TÉRMINO DE MATERIA
Descriptor Comunidades campesinas
9 (RLIN) 2214
650 ## - PUNTO DE ACCESO ADICIONAL DE MATERIA--TÉRMINO DE MATERIA
Descriptor Economía campesina
9 (RLIN) 2215
650 ## - PUNTO DE ACCESO ADICIONAL DE MATERIA--TÉRMINO DE MATERIA
Descriptor Mito Inkarri
9 (RLIN) 46246
650 ## - PUNTO DE ACCESO ADICIONAL DE MATERIA--TÉRMINO DE MATERIA
Descriptor Desarrollo rural
9 (RLIN) 4384
700 ## - PUNTO DE ACCESO ADICIONAL--NOMBRE DE PERSONA
Nombre Personal Golte Rhode, Jürgen
9 (RLIN) 46242
700 ## - PUNTO DE ACCESO ADICIONAL--NOMBRE DE PERSONA
Nombre Personal De la Cadena, Marisol
9 (RLIN) 46243
700 ## - PUNTO DE ACCESO ADICIONAL--NOMBRE DE PERSONA
Nombre Personal Ossio Acuña, Juan Martín
9 (RLIN) 46244
700 ## - PUNTO DE ACCESO ADICIONAL--NOMBRE DE PERSONA
Nombre Personal O'Phelan Godoy, Scarlett
9 (RLIN) 621
700 ## - PUNTO DE ACCESO ADICIONAL--NOMBRE DE PERSONA
Nombre Personal Burga, Manuel
9 (RLIN) 2836
942 ## - ELEMENTOS DE PUNTO DE ACCESO ADICIONAL (KOHA)
Fuente de clasificación
Tipo de item Revistas cusqueñas
945 ## - PROCESAMIENTO DE INFORMACIÓN LOCAL (OCLC)
Catalogador rac
Holdings
Estado de retiro (separado) Fuente de clasificación o esquema de estanterías Estado dañado Ubicación Sala donde se ubica Nombre de la colección Fecha de adquisición o compra Costo, precio normal en soles Signatura topográfica Código de Barras Última vez visto (Koha) Tipo de ítem (Koha)
No     Sala Hemeroteca Sala Hemeroteca Book Cart 2021-08-18 10.00 Rev.Allp/N°23/1984 REVC000293 2021-08-18 Revistas cusqueñas

Powered by Koha